| 000 | 05806nam a2200697 a 4500 | ||
|---|---|---|---|
| 005 | 20070518114857.0 | ||
| 008 | 060908s2006 nyu 000 1 eng | ||
| 010 | _aB-269562-586 B-278924-927 | ||
| 020 |
_a9780099499480 _c£3.25 (273.00) |
||
| 035 | _aB-269562-586 B-278924-927 | ||
| 040 |
_adpl _bEnglish |
||
| 082 | _aN | ||
| 100 | _aWinegardner, Mark | ||
| 245 |
_aThe godfather's revenge / _cMark Winegardner. |
||
| 260 |
_aNew York : _bPutnam, _cc2006. |
||
| 260 |
_aLondon _bArrow Books _c2006. |
||
| 270 |
_aRandom House, 20 Vauxhall Bridge Road _bLondon _eSW 1V 2SA _mwww.rbooks.co.uk. |
||
| 300 |
_a487p. ; _c24cm. (pbk) |
||
| 300 |
_a580p. _c24cm. (pbk) |
||
| 500 | _aA new novel based on the Corleone family characters created by Mario Puzo. | ||
| 650 |
_aCorleone family (Fictitious characters) _vFiction. |
||
| 650 |
_aItalian Americans _vFiction. |
||
| 650 |
_aOrganized crime _vFiction. |
||
| 650 |
_aCriminals _vFiction. |
||
| 650 |
_aMafia _vFiction. |
||
| 700 |
_aPuzo, Mario _d1920-1999. |
||
| 856 |
_3Contributor biographical information _uhttp://www.loc.gov/catdir/enhancements/fy0717/2006029520-b.html |
||
| 856 |
_3Publisher description _uhttp://www.loc.gov/catdir/enhancements/fy0717/2006029520-d.html |
||
| 942 |
_2ddc _cEN _hN _mWIN |
||
| 999 |
_c16022 _d16022 |
||